Normal view
MARC view
Entry Personal Name
001 - CONTROL NUMBER
- control field: 1239824
003 - CONTROL NUMBER IDENTIFIER
- control field: OSt
005 - DATE AND TIME OF LATEST TRANSACTION
- control field: 20260514122637.0
008 - FIXED-LENGTH DATA ELEMENTS
- fixed length control field: 260514|| aca||aabn | a|a d
040 ## - CATALOGING SOURCE
- Original cataloging agency: OSt
- Transcribing agency: OSt
100 ## - HEADING--PERSONAL NAME
- Personal name: Dr.Vibha, Dr.Ranjan Das
670 ## - SOURCE DATA FOUND
- Source citation: Work cat.: (OSt)1851575: Mathur Dr.Mansi 1239823, An Epidemiological Study of Common Gynaecological Morbidities Among Married Women in a Resettlement Colony of East Delhi.
